| 000 | 01226nam a2200229Ia 4500 | ||
|---|---|---|---|
| 003 | Ost | ||
| 005 | 20260507075444.0 | ||
| 008 | 260507s9999||||xx |||||||||||||| ||und|| | ||
| 020 | _a9789957118006 | ||
| 040 | _cfsecg | ||
| 041 | _aara | ||
| 082 | _a658.8 | ||
| 100 |
_aالجيوسي، سليمان شكيب _eمؤلف |
||
| 245 | 0 |
_aتسويق الخدمات المالية / _c سليمان شكيب الجيوسي |
|
| 260 |
_aعمان: _bدار وائل, _c2009 |
||
| 300 |
_a578 صفحة؛ _bإيضاحات ؛ _c25 سم |
||
| 504 | _aببليوغرافيا: ص.561-578 | ||
| 520 | _aمقدمة في تسويق الخدمات المالية، المؤسسات المالية، تحليل البيئة التسويقية، سلوك المشتري للخدمات المالية، دراسة الاسواق، المنتجات المالية، تسعير الخدمات المالية، توزيع الخدمات المالية، ترويج الخدمات المالية (الاتصالات)، ادارة علاقة الزبون في مجال الخدمات المالية، استراتيجية تسويق الخدمات المالية | ||
| 653 | _aالتسويق | ||
| 653 | _aالمالية | ||
| 942 | _cكتاب | ||
| 999 |
_c44574 _d44574 |
||